000 00310 a2200121 4500
001 147100
040 _cEscola São Tomás de Aquino
100 _aMACHADO, Ana Maria
240 1 0 _aMenina bonita do laço de fita
_lpor
245 1 0 _aMenina bonita do laço de fita
697 _a*LITERATURA INFANTO
942 _cBK
999 _c147100
_d147100